LIBRARY ONLINE CATALOGUE

Family law / (Record no. 4648)

MARC details
000 -LEADER
fixed length control field 00847cam a22002652 4500
001 - CONTROL NUMBER
control field 0000025238
003 - CONTROL NUMBER IDENTIFIER
control field OSt
005 - DATE AND TIME OF LATEST TRANSACTION
control field 20180627120207.0
008 - FIXED-LENGTH DATA ELEMENTS--GENERAL INFORMATION
fixed length control field 150328s xx 000 0 eng d
020 ## - INTERNATIONAL STANDARD BOOK NUMBER
International Standard Book Number 9350287242 :
040 ## - CATALOGING SOURCE
Original cataloging agency KABU
Transcribing agency KABU
050 ## - LIBRARY OF CONGRESS CALL NUMBER
Classification number KNS540
Item number .G36 2012 v. I c. 5
100 1# - MAIN ENTRY--PERSONAL NAME
Personal name Gandhi, B.M.
245 10 - TITLE STATEMENT
Title Family law /
Statement of responsibility, etc. B.M. Gandhi.
250 ## - EDITION STATEMENT
Edition statement 1st ed.
260 ## - PUBLICATION, DISTRIBUTION, ETC. (IMPRINT)
Place of publication, distribution, etc. Lucknow :
Name of publisher, distributor, etc. Eastern Book Company,
Date of publication, distribution, etc. 2012.
300 ## - PHYSICAL DESCRIPTION
Extent lvi, 415 p.
650 #0 - SUBJECT ADDED ENTRY--TOPICAL TERM
Topical term or geographic name as entry element Domestic relations
Geographic subdivision India.
650 #0 - SUBJECT ADDED ENTRY--TOPICAL TERM
Topical term or geographic name as entry element Family law
Geographic subdivision India.
908 ## - PUT COMMAND PARAMETER (RLIN)
Put command parameter 150328
942 ## - ADDED ENTRY ELEMENTS (KOHA)
Source of classification or shelving scheme Library of Congress Classification
Koha item type General Collection
Edition 1st ed.
Classification part KNS540
Item part .G36 2012 v. I c. 5
Holdings
Withdrawn status Lost status Source of classification or shelving scheme Not for loan Home library Current library Date acquired Total Checkouts Full call number Barcode Date last seen Date last checked out Copy number Price effective from Koha item type Cost, normal purchase price
    Library of Congress Classification   Kabarak, Main Campus Kabarak, Main Campus 17/12/2015 2 KD750 .G36 2012 v. 1 c. 1 016864 17/10/2018 02/10/2018 c. 1 17/12/2015 General Collection  
    Library of Congress Classification   Kabarak, Main Campus Kabarak, Main Campus 27/06/2018   KNS540 .G36 2012 v. I c. 2 017658 27/06/2018   c. 2 27/06/2018 General Collection 2150.00
    Library of Congress Classification   Kabarak, Main Campus Kabarak, Main Campus 27/06/2018 1 KNS540 .G36 2012 v. I c. 3 017657 13/06/2024 21/05/2024 c. 3 27/06/2018 General Collection  
    Library of Congress Classification   Kabarak, Main Campus Kabarak, Main Campus 27/06/2018 1 KNS540 .G36 2012 v. I c. 4 017656 17/01/2023 17/01/2023 c. 4 27/06/2018 General Collection  
    Library of Congress Classification   Kabarak, Main Campus Kabarak, Main Campus 27/06/2018 1 KNS540 .G36 2012 v. I c. 5 017655 12/11/2018 05/11/2018 c. 5 27/06/2018 General Collection